LEADER 01578namaa2200361 i 4500 001 000000178655 003 CaOOAMICUS 005 20260410151830.0 008 260410s2025 it 000 u ita r 020 $a978-88-308-1950-4* 032 $aLibriCat 040 $aPUL$bita 084 $a236 245 00$aCercate le cose di lassł :$bl'escatologia nell'oggi della storia /$ca cura di Edoardo M. Palma ; prefazione di mons. Costantino Di Bruno. 260 $aAssisi :$bCittadella,$c2025. 300 $a443 pagine ;$c21 cm 336 $atesto$btxt$2rdacontent 337 $asenza mediazione$bn$2rdamedia 338 $avolume$bnc$2rdacarrier 490 1 $aTeologia. Strumenti 504 $aBibliografia: pagine 425-438. 650 4$aEscatologia cristiana.$0(OLS)http://pul/subject/9754 700 1 $aPalma, Edoardo Maria,$csacerdote,$d1973-,$ecuratore.$0(OLS)http://pul/name/85360 700 1 $aDi Bruno, Costantino,$csac.,$d1947-,$eautore di prefazione.$0(OLS)http://pul/name/109941 830 0$aTeologia.$pStrumenti.$0(OLS)http://pul/title/45239 850 $aPUL 852 $aPUL$W1$xSL Religione 3$y85$m230 COLL 15.38$j202418$qDDC 21$B207823$CPULBib$Z2$F207823 $H138540 $82 941 1 $a9 996 $6020$a978-88-308-1950-4*$9(OLS)http://pul/number/170920 996 $6084$a236$9(OLS)http://pul/classification/3370 996 $6245$aCercate le cose di lassł :$bl'escatologia nell'oggi della storia$9(OLS)http://pul/title/220232 996 $6260$aAssisi :$bCittadella$9(OLS)http://pul/publisher/49668